|
|
|
|
| LEADER |
01008nam a22002772a 4500 |
| 001 |
000085461 |
| 003 |
CZ BrMZK |
| 005 |
20190911104341.0 |
| 007 |
ta |
| 008 |
950101s1913 xr f cze d |
| 015 |
|
|
|a cnb000563021
|
| 020 |
|
|
|q (Váz.)
|
| 035 |
|
|
|a (OCoLC)85473742
|
| 040 |
|
|
|a ABA001
|b cze
|c CBA001
|d ABA001
|
| 041 |
1 |
|
|a cze
|h und
|
| 100 |
1 |
|
|a Bolzano, Bernard,
|d 1781-1848
|7 jk01012602
|4 aut
|
| 245 |
1 |
0 |
|a Autobiografie /
|c Bernard Bolzano ; z původního vydání tištěného u J.E. Seidla v Salcbachu 1836 jako pietní překládá V. Stoklas
|
| 260 |
|
|
|a Praha-Karlín :
|b Stoklasův Sborník,
|c 1913
|
| 300 |
|
|
|a 125 s. ;
|c m. 8°
|
| 490 |
1 |
|
|a Knihovna Stoklasova Sborníku pro filosofii, theologii a paedagogiku ;
|v 4
|
| 830 |
|
0 |
|a Knihovna Stoklasova Sborníku pro filosofii, theologii a paedagogiku
|
| 910 |
|
|
|a BOA001
|b 1-0259.672
|
| 990 |
|
|
|a BK
|
| 993 |
|
|
|a Y
|
| 991 |
|
|
|b 201909
|
| 996 |
6 |
|
|b 2619966504
|c 1-0259.672
|l MZK
|r Sklad / do 1 hodiny
|n 17
|w 000085461
|u 000010
|a 1
|e BOA001
|j MZK50
|s P
|